Premeny Bratislavy /
Saved in:
| Main Author: | |
|---|---|
| Other Authors: | , |
| Format: | Book |
| Language: | Slovak |
| Published: |
Bratislava :
DAJAMA,
2022
|
| Edition: | 1. vydanie |
| Subjects: | |
| Tags: |
No Tags, Be the first to tag this record!
|
MARC
| LEADER | 00000nam a22000003a 4500 | ||
|---|---|---|---|
| 001 | 0103521 | ||
| 003 | SK-STU | ||
| 005 | 20230719080157.8 | ||
| 007 | ta | ||
| 008 | 230719s ----xo-----e------000-0-----d | ||
| 020 | |a 978-80-8136-146-3 | ||
| 040 | |a STU |b slo | ||
| 041 | 0 | |a slo | |
| 044 | |a xo | ||
| 100 | 1 | |a Šmotlák, Anton |4 pht | |
| 245 | 1 | 0 | |a Premeny Bratislavy / |c fotogr. Anton Šmotlák, Ján Lacika ; fotogr. Ľubomír Deák |
| 250 | |a 1. vydanie | ||
| 260 | |a Bratislava : |b DAJAMA, |c 2022 | ||
| 300 | |a 168 s. | ||
| 650 | 0 | 7 | |a Bratislava |
| 650 | 0 | 7 | |a architektúra - história, dejiny, vývoj |
| 650 | 0 | 7 | |a architektúra ulice |
| 650 | 0 | 7 | |a fotografie |
| 650 | 0 | 7 | |a 20. storočie |
| 650 | 0 | 7 | |a 21. storočie |
| 700 | 1 | |a Deák, Ľubomír |4 pht | |
| 700 | 1 | |a Lacika, Ján |4 aut | |
| 996 | |b 284AU09747 |c A* 13108/U |l AAKNST |s P |a 0 |w 0103521_0001 | ||
| 996 | |b 284AU09748 |c A* 13109/U |l AAKNAR |s A |a 24 |w 0103521_0002 | ||